[Event "FRA-chT4 0405"]
[Site "Bretagne"]
[Date "2005.01.09"]
[Round "4"]
[White "Cronnier, Georges"]
[Black "Le Nezet, Thierry"]
[Result "0-1"]
[WhiteElo "1800"]
[BlackElo "1900"]
[PlyCount "78"]
[EventDate "2004.04.03"]
[EventType "team"]
[EventRounds "7"]
[EventCountry "FRA"]
[SourceTitle "EXT 2007"]
[Source "ChessBase"]
[SourceDate "2006.11.23"]
[SourceVersion "1"]
[SourceVersionDate "2006.11.23"]
[SourceQuality "1"]

1. Nf3 Nf6 2. g3 g6 3. Bg2 Bg7 4. d3 c5 5. Nbd2 0-0 6. 0-0 Nc6 7. c3 d6 8. e4 Bg4 9. h3 Bd7 10. Kh2 Rb8 11. a3 b5 12. Rb1 Ne8 13. Ng1 Qc7 14. f4 b4 15. axb4 cxb4 16. c4 f5 17. Ndf3 e5 18. Ne2 Nf6 19. exf5 Bxf5 20. Ng5 h6 21. Ne4 Kh7 22. Ra1 Nd7 23. fxe5 dxe5 24. Be3 Nd4 25. Nxd4 exd4 26. Bd2 Ne5 27. Be1 a5 28. b3 Nd7 29. Bf2 Nc5 30. Nxc5 Qxc5 31. Ra2 Rf7 32. Bd5 Ra7 33. Kg2 Rd8 34. g4 Bc8 35. Bg3 Rxd5 36. cxd5 Qxd5+ 37. Qf3 Qxb3 38. Rff2 Bb7 39. Qxb7 Rxb7 0-1